Statistics for Fenerbahçe Champions League XIs

Click here to take the quiz!

General Stats

  • This quiz has been taken 253 times
  • The average score is 16 of 47

Answer Stats

Answer% Correct
Alex
92%
Volkan Demirel
92%
Diego Lugano
79%
Roberto Carlos
78%
Deivid
71%
Rüştü Reçber
69%
Gökhan Gönül
64%
Mateja Kežman
61%
Tuncay Şanlı
61%
Semih Şentürk
59%
Mehmet Aurélio
57%
Dani Güiza
50%
Edu Dracena
50%
Nicolas Anelka
47%
Stephen Appiah
47%
Emre Belözoğlu
43%
Uğur Boral
37%
Claudio Maldonado
36%
Fábio Luciano
36%
Ümit Özat
36%
Mert Nobre
35%
Pierre van Hooijdonk
34%
Selçuk Şahin
34%
Kemalettin Şentürk
31%
Önder Turacı
30%
Gökçek Vederson
28%
Jay-Jay Okocha
28%
Elvir Bolić
26%
Haim Revivo
24%
Servet Çetin
24%
Deniz Barış
20%
Milan Rapaić
18%
Samuel Johnson
14%
Serkan Balcı
14%
Jes Høgh
12%
Ogün Temizkanoğlu
12%
Nikola Lazetić
11%
Uche Okechukwu
11%
Ali Güneş
9%
Abdullah Ercan
8%
Erol Bulut
8%
Mustafa Doğan
8%
Bulent Uygun
7%
Emil Kostadinov
5%
İlker Yağcıoğlu
3%
Mert Meriç
2%
Tuncay Akgün
2%

Score Distribution

Percentile by Number Answered

Percent of People with Each Score

Your Score History

You have not taken this quiz